| 000 | 00981cab a2200277 4500 | ||
|---|---|---|---|
| 001 | ABS53654 | ||
| 008 | 090401t1995 xxu||||| |||| 00| 0 eng d | ||
| 035 | _a(Sirsi) u5637 | ||
| 041 | _aeng | ||
| 100 | _aBrown, G.R. | ||
| 245 | _aEstimating effective rents | ||
| 260 | _c1995 | ||
| 350 | _a0 | ||
| 490 |
_aJournal of Property Finance _v6(2) September 1995, 33-42(6) |
||
| 520 | _aOffers an approach to estimating effective rents based on the assumption that the net present value of incentives should be zero and presents a model which recognises that different aspects of the cashflows can carry different risk and should be valued accordingly. Includes examples. | ||
| 650 | _aDISCOUNTED CASHFLOW | ||
| 650 | _aEFFECTIVE RENTS | ||
| 650 | _aLEASE INCENTIVES | ||
| 650 | _aLEASE RENEWAL | ||
| 650 | _aRENT REVIEWS | ||
| 650 | _aVALUATION METHODS | ||
| 690 |
_aLandlord and tenant _96252 |
||
| 690 | _aRATING AND VALUATION | ||
| 942 | _n0 | ||
| 948 | _c04/03/1997 | ||
| 999 |
_c3364 _d3364 |
||